000 00410pab a2200181 454500
008 180718b2009 xxu||||| |||| 00| 0 eng d
100 _aMulimani, V.H.
245 _aTeaching and research in universities
260 _c2009
300 _ap.1-6.
362 _a27 Apr
650 _aUniversities
650 _aResearch
650 _aTeaching
773 _aUniversity News
908 _aN
909 _a82089
999 _c82089
_d82089